000 00383nam a22001577a 4500
003 OSt
008 240223b |||||||| |||| 00| 0 eng d
020 _a9789355517999
082 _a004.65 LOE
100 _aLOHANI,Suraj Kumar
245 _aExcel for finance and Accounting
250 _aEd. 1st
260 _aNew Delhi
_bBPB Publications
_c2024
300 _a263
942 _2ddc
_cBK
999 _c12233
_d12233